The silver pigs : (Record no. 675)

000 -LEADER
fixed length control field 01269nam a22003857a 4500
001 - CONTROL NUMBER
control field 1979041
003 - CONTROL NUMBER IDENTIFIER
control field OSt
005 - DATE AND TIME OF LATEST TRANSACTION
control field 20210421065037.0
008 - FIXED-LENGTH DATA ELEMENTS--GENERAL INFORMATION
fixed length control field 890209r1989 enka 000 1 eng
010 ## - LIBRARY OF CONGRESS CONTROL NUMBER
LC control number 89001139
020 ## - INTERNATIONAL STANDARD BOOK NUMBER
International Standard Book Number 0517573636
040 ## - CATALOGING SOURCE
Original cataloging agency eng
Transcribing agency DLC
Modifying agency DLC
-- OCoLC
-- DLC
Language of cataloging eng
041 ## - LANGUAGE CODE
Language code of text/sound track or separate title eng
043 ## - GEOGRAPHIC AREA CODE
Geographic area code e------
-- ff-----
-- aw-----
050 00 - LIBRARY OF CONGRESS CALL NUMBER
Classification number PR6054.A8925
Item number S55 1989
080 ## - UNIVERSAL DECIMAL CLASSIFICATION NUMBER
Universal Decimal Classification number 821.111
Item number D-26
082 00 - DEWEY DECIMAL CLASSIFICATION NUMBER
Classification number 823/.914
Edition number 19
100 1# - MAIN ENTRY--PERSONAL NAME
Personal name Davis, Lindsey.
245 14 - TITLE STATEMENT
Title The silver pigs :
Remainder of title a novel /
Statement of responsibility, etc. by Lindsey Davis.
250 ## - EDITION STATEMENT
Edition statement 1st American ed.
260 ## - PUBLICATION, DISTRIBUTION, ETC.
Place of publication, distribution, etc. New York :
Name of publisher, distributor, etc. Crown Publishers,
Date of publication, distribution, etc. c1989.
300 ## - PHYSICAL DESCRIPTION
Extent ix, 258 p. :
Other physical details ill. ;
Dimensions 24 cm.
365 ## - TRADE PRICE
Price amount 18.95 usd
600 10 - SUBJECT ADDED ENTRY--PERSONAL NAME
Personal name Falco, Marcus Didius,
Dates associated with a name 41-
Form subdivision Fiction.
650 #0 - SUBJECT ADDED ENTRY--TOPICAL TERM
Topical term or geographic name entry element Helena Justina (Fictitious character)
Form subdivision Fiction.
650 #0 - SUBJECT ADDED ENTRY--TOPICAL TERM
Topical term or geographic name entry element English literature
9 (RLIN) 254
650 #0 - SUBJECT ADDED ENTRY--TOPICAL TERM
Topical term or geographic name entry element Private investigators
Geographic subdivision Rome
Form subdivision Fiction.
651 #0 - SUBJECT ADDED ENTRY--GEOGRAPHIC NAME
Geographic name Rome
General subdivision History
Chronological subdivision Vespasian, 69-79
Form subdivision Fiction.
651 #0 - SUBJECT ADDED ENTRY--GEOGRAPHIC NAME
Geographic name Great Britain
General subdivision History
Chronological subdivision To 449
Form subdivision Fiction.
653 ## - INDEX TERM--UNCONTROLLED
Uncontrolled term ინგლისური ლიტერატურა
655 #7 - INDEX TERM--GENRE/FORM
Genre/form data or focus term Detective and mystery stories.
Source of term gsafd
655 #7 - INDEX TERM--GENRE/FORM
Genre/form data or focus term Historical fiction.
Source of term gsafd
906 ## - LOCAL DATA ELEMENT F, LDF (RLIN)
a 7
b cbc
c orignew
d 1
e ocip
f 19
g y-gencatlg
942 ## - ADDED ENTRY ELEMENTS (KOHA)
Source of classification or shelving scheme
Koha item type Books
Edition 1
Holdings
Withdrawn status Lost status Source of classification or shelving scheme Damaged status Not for loan Permanent location Current location Date acquired Inventory number Total Checkouts Full call number Barcode Date last seen Price effective from Koha item type
          Ken Walker International University Ken Walker International University 12/16/2020 678   821.111 D-26 678 12/16/2020 12/16/2020 Books

Powered by Koha